Tomorrowland 's Stages - Statistiques

Statistiques générales
  • Ce quiz a été pris 23 fois
  • Le résultat moyen est 8 sur 13
Statistiques - réponses
Par images Réponse % Correct
Mainstage (Adscendo 🏟️)
100%
Rave Cave 🧱
94%
The Library 📚
94%
Core ☘️
88%
Freedom 🦋
71%
Crystal Garden 🌺
65%
Elixir ⛲
59%
Rose Garden 🐉
53%
Atmosphere 🎪
47%
Cage 🐺
41%
Rise 🌸
24%
Youphoria 🍄
24%
Terra Solis 🌅
12%
Aucun quiz correspondant
Distribution des résultats
% des personnes avec chaque résultat
Percentile par nombre de réponses
Votre historique - résultats
Vous n’avez pas pris ce quiz